Statistics for UN Secretaries-General

Click here to take the quiz!

General Stats

  • This quiz has been taken 6,482 times
    (6,445 since last reset)
  • The average score is 8 of 18

Answer Stats

Answer% Correct
Kofi Annan
70%
Ban Ki-moon
69%
South Korean
59%
Boutros Boutros-Ghali
54%
Swedish
47%
Ghanaian
46%
Egyptian
45%
Portuguese
44%
Norwegian
43%
Dag Hammarskjöld
38%
António Guterres
37%
Austrian
34%
U Thant
33%
Burmese
29%
Peruvian
28%
Kurt Waldheim
27%
Trygve Lie
24%
Javier Pérez de Cuellar
22%

Score Distribution

Percentile by Number Answered

Percent of People with Each Score

Your Score History

You have not taken this quiz since the last reset